000 00692nam a2200229 a 4500
003 MX-MxUPN
005 20240425063953.0
008 220303s1898 mx a|||| |||| 000 0 spa d
040 _aMX-MxUPN
_bspa
_cMX-MxUPN
041 0 _aspa
049 _aLT
050 4 _aLB1585 M6
_bR8.3 1898
100 1 _aRuiz, Luis E.,
_d1857-1914
_929451
245 1 0 _aElementos de historia natural /
_cLuis E. Ruiz.
250 _a3a ed.
260 _aMéxico :
_bHerrero Hermanos,
_c1898.
300 _a178 p. :
_bil.
490 0 _aBiblioteca de las escuelas
650 4 _aCiencias naturales
_xEstudio y enseñanza (Elemental)
_92812
650 4 _aCiencias naturales
_vLibros de texto
_910151
905 _aLibro
999 _c208200
_d208200